000 00580nam a2200157 a 4500
008 120416s0000 ||||||||||||||||| || u
020 _a0821323415
050 _aIBRD(08)SP
100 _aBitran, Ricardo A
245 1 4 _aThe demand for health care in Latin America
246 _alessons from the Dominican Republic and El Salvador
260 _aWashington, D. C.
_bWorld Bank
_c1993
300 _aix, 54p. : ill.
350 _a0.00
995 _D0.00
_FCBU-MAIN LIBRARY (Kitwe)
_H1
_I0.00
_M1
_UAVAILABLE
_ZInternational Publications
999 _c39573
_d39573